Codes compta - Statistiques

Statistiques générales
  • Ce quiz a été pris 85 fois
    82 depuis la dernière actualisation
  • Le résultat moyen est 4 sur 34
Statistiques - réponses
Hint Réponse % Correct
512 banque(compte)
73%
411 client
56%
164 emprunt
41%
53 caisse(en espece)
35%
101 capital social
30%
213 construction
21%
211 terrain
21%
44 etat
13%
215 materiel industriel
13%
2183 materiel informatique
10%
13 subventions
10%
601 achat matieres premieres
8%
64 charges de personnels
8%
31 stock matieres premieres
8%
765 escompte accordé
5%
665 escompte obtenu
5%
203 recherche et développement
5%
701 ventes produits finis
3%
4191 accompte/avance obtenu du client
2%
43 organismes sociaux
2%
709 rrr accordée
2%
609 rrr obtenue
2%
4091 accompte/avance versée au fournisseur
0%
4096 consigne à rendre
0%
4196 consigne a restituer par un client
0%
708 formation client
0%
401 fournisseurs matieres premieres
0%
7085 frais transport facturé au client
0%
624 frais transports facturé par fournisseur
0%
421 personnel de l'entreprise
0%
503 placement en action et compte à terme
0%
706 prestations services
0%
35 stock produit fini
0%
707 ventes marchandises
0%
Aucun quiz correspondant
Distribution des résultats
% des personnes avec chaque résultat
Percentile par nombre de réponses
Votre historique - résultats
Vous n’avez pas pris ce quiz depuis la dernière actualisation